000 00630nam a22002417a 4500
001 78599
003 UA-OsUOA
005 20220410150306.0
007 ta
008 20111017b un ||||| |||| 00| 0 ukr d
040 _aUA-OsUOA
_brus
_cUA-OsUOA
_dUA-OsUOA
041 _arus
080 _a821.161.1
090 _a821.161.1
_bТ98
100 _aТютчев Ф. И.
245 _aСочинения в двух томах
260 _aМ.
_bПравда
_c1980
300 _a383 с.
505 _gТ. 1
_tСтихотворения
650 7 _a821 Художня література
_2UDC
942 _cBK
_2udc
955 _a3
999 _c364876
_d364876